| 000 | 01075nam a2200241 a 4500 | ||
|---|---|---|---|
| 008 | 120416s1992 ||||||||||||||||| || u | ||
| 020 | _a8170244676 | ||
| 050 | _aS 616.I53 Pan | ||
| 100 | _aPant, Niranjan | ||
| 245 | 1 | 0 | _aNew trend in indian irrigation |
| 246 | _acommercialisation of ground water | ||
| 260 |
_aNew Delhi _bAshish _c1992 |
||
| 300 | _axxiii, 116 p. | ||
| 350 | _a0.00 | ||
| 650 | _aIrrigation - India - Faizabad (District) | ||
| 650 | _aGroundwater - India - Bahraich (District) | ||
| 650 | _aWATER RESOURCES DEVELOPMENT--INDIA--FAIZABAD (DISTRICT) | ||
| 650 | _aIrrigation - India - Bahraich (District) | ||
| 650 | _aWATER RESOURCES DEVELOPMENT--INDIA--BAHRAICH | ||
| 650 | _aGroundwater - India - Faizabad (District) | ||
| 995 |
_aANNEX COLLECTION (Main Library) _D0.00 _e732551 _FCBU-MAIN LIBRARY (Kitwe) _H1 _I47.50 _jS 616.I53 Pan _M1 _UAVAILABLE _y029768 _ZAnnex Low-Usage Collection |
||
| 995 |
_aANNEX COLLECTION (Main Library) _D0.00 _e732552 _FCBU-MAIN LIBRARY (Kitwe) _H2 _I47.50 _jS 616.I53 Pan _M2 _UAVAILABLE _y029767 _ZAnnex Low-Usage Collection |
||
| 999 |
_c78795 _d78795 |
||